00643nam a2200217Ia 450000500170000000800410001704000190005804100120007708200160008910000260010524500620013125000550019326000490024830000200029744000240031750400190034165000260036065100120038670000170039885000100041520231107105440.0131103s9999 xx 000 0 und d aLoreto College aEnglish a793.73bMCL aMcloone - Basta,Margo aChildren's Treasury of Records and Facts 2cMargo Mcloone aBasta and Alice Siegel, illustrated by Johne Lane aNew DelhibGaurav Publishing Housec[19 - ?] a276 p.b illus. aThe World Knowledge aIncludes index aQuestions and Answers aQuizzes aSiegel,Alice aLCLIB